| 000 | 00333nam a22001217a 4500 | ||
|---|---|---|---|
| 082 | _a220 PRO | ||
| 100 |
_aAMEER HAMZA _972388 |
||
| 245 | _aPR-SOF-1071-SELF NAVIGATING INTELLIGENT VEHICLE SYSTEM (SNIVS) | ||
| 260 |
_aISLAMABAD _bNUST COLLEGE OF EME _c2011 |
||
| 650 | _aDE-COMP-29 | ||
| 700 |
_aDR SHOAB A KHAN _918474 |
||
| 942 | _cCR | ||
| 999 |
_c578444 _d578444 |
||